"Venceréis, pero no convenceréis" (Record no. 190290)
[ view plain ]
| 000 -LEADER | |
|---|---|
| campo de control de longitud fija | 01435nam a2200313 i 4500 |
| 001 - NÚMERO DE CONTROL | |
| campo de control | 190290 |
| 003 - IDENTIFICADOR DE NÚMERO DE CONTROL | |
| campo de control | SpMaBN |
| 005 - FECHA Y HORA DE LA ÚLTIMA TRANSACCIÓN | |
| campo de control | 20250829133331.0 |
| 008 - DATOS DE LONGITUD FIJA--INFORMACIÓN GENERAL | |
| campo de control de longitud fija | 201016s2016 sp a |||| | spa d |
| 020 ## - NÚMERO INTERNACIONAL ESTÁNDAR DEL LIBRO | |
| Número Internacional Estándar del Libro | 978-84-943935-8-7 |
| 080 ## - NÚMERO DE LA CLASIFICACIÓN DECIMAL UNIVERSAL | |
| Número de la Clasificación Decimal Universal | 327.39(=134.2) |
| 080 ## - NÚMERO DE LA CLASIFICACIÓN DECIMAL UNIVERSAL | |
| Número de la Clasificación Decimal Universal | 930.85(460) |
| 080 ## - NÚMERO DE LA CLASIFICACIÓN DECIMAL UNIVERSAL | |
| Número de la Clasificación Decimal Universal | 929 Unamuno, Miguel de :32 |
| 080 ## - NÚMERO DE LA CLASIFICACIÓN DECIMAL UNIVERSAL | |
| Número de la Clasificación Decimal Universal | 929 Millán-Astray, José :32 |
| 100 1# - ENTRADA PRINCIPAL--NOMBRE DE PERSONA | |
| Nombre de persona | Hernúñez, Pollux. |
| 9 (RLIN) | 63123 |
| 245 11 - MENCIÓN DEL TÍTULO | |
| Título | "Venceréis, pero no convenceréis" |
| Resto del título | : la última lección de Unamuno : recreación histórica del acto celebrado en el Paraninfo de la Universidad de Salamanca el 12 de octubre de 1936 / |
| Mención de responsabilidad, etc. | Pollux Hernúñez. |
| 250 ## - MENCION DE EDICION | |
| Mención de edición | 1ª ed. |
| 260 ## - PUBLICACIÓN, DISTRIBUCIÓN, ETC. | |
| Lugar de publicación, distribución, etc. | Paracuellos de Jarama (Madrid) : |
| Nombre del editor, distribuidor, etc. | Oportet, |
| Fecha de publicación, distribución, etc. | 2016. |
| 300 ## - DESCRIPCIÓN FÍSICA | |
| Extensión | 110 p. : |
| Otras características físicas | il. ; |
| Dimensiones | 21 cm. |
| 504 ## - NOTA DE BIBLIOGRAFÍA, ETC. | |
| Nota de bibliografía, etc. | Bibliografía: p. [47]-49. |
| 594 ## - Nota al título y mención de responsabilidad | |
| Nota al título y mención de responsabilidad | El 12 de octubre de 1936, en el Paraninfo de la Universidad de Salamanca, Unamuno, flanqueado por Carmen Polo, el obispo Pla y Deniel, y el general Millán Astray, se levantó para protestar contra la sinrazón de la guerra. |
| 600 14 - PUNTO DE ACCESO ADICIONAL DE MATERIA--NOMBRE DE PERSONA | |
| Nombre de persona | Unamuno, Miguel de, |
| Fechas asociadas al nombre | 1864-1936- |
| Subdivisión general | Pensamiento político |
| 9 (RLIN) | 111988 |
| 600 14 - PUNTO DE ACCESO ADICIONAL DE MATERIA--NOMBRE DE PERSONA | |
| Nombre de persona | Millán-Astray, José, |
| Fechas asociadas al nombre | 1879-1954 |
| 9 (RLIN) | 81140 |
| 650 #7 - PUNTO DE ACCESO ADICIONAL DE MATERIA--TÉRMINO DE MATERIA | |
| Término de materia o nombre geográfico como elemento de entrada | Hispanidad |
| Fuente del encabezamiento o término | embne |
| 9 (RLIN) | 139321 |
| 651 #7 - PUNTO DE ACCESO ADICIONAL DE MATERIA--NOMBRE GEOGRÁFICO | |
| Nombre geográfico | España- |
| Subdivisión general | Civilización- |
| Subdivisión cronológica | S.XX. |
| 9 (RLIN) | 8171 |
| 852 ## - LOCALIZACIÓN | |
| Ubicación | ES-MaACL |
| Número de control de estantería | A-14596 |
| itemnumber | 197495 |
| Sublocalización o colección | R.151564 |
| Ubicación en estantería | Depósito 1 |
| Signatura antigua | Olim: N-7596 |
| Donativo/Legado | Donación: Editorial |
| 942 ## - ELEMENTOS DE ENTRADA SECUNDARIOS (KOHA) | |
| Fuente del sistema de clasificación o colocación | Clasificación decimal universal |
| Estatus retirado | Estado de pérdida | Fuente del sistema de clasificación o colocación | Estado de daño | No para préstamo | Biblioteca de origen | Biblioteca actual | Ubicación en estantería | Fecha de adquisición | Fuente de adquisición | Total de préstamos | Signatura topográfica completa | Código de barras | Visto por última vez | Precio de reemplazo | Tipo de ítem Koha |
|---|---|---|---|---|---|---|---|---|---|---|---|---|---|---|---|
| Clasificación decimal universal | Biblioteca del Ateneo de Madrid | Biblioteca del Ateneo de Madrid | Depósito 1 | 20/06/2005 | Donación | A-14596 | 1202191 | 23/02/2023 | 23/02/2023 | Libro impreso |
